LIBRARY & INFORMATION CENTRE, KCAET, TAVANUR

ONLINE PUBLIC ACCESS CATALOGUE (OPAC)

Trignometry for pre degree course / (Record no. 251)

MARC details
000 -LEADER
fixed length control field 00584cam a2200241ua 4500
041 ## - LANGUAGE CODE
Language code of text/sound track or separate title eng
082 ## - DEWEY DECIMAL CLASSIFICATION NUMBER
Classification number 516.24
Item number PAR/TR
100 ## - MAIN ENTRY--AUTHOR NAME
Personal name Parameswaran, S .
245 ## - TITLE STATEMENT
Title Trignometry for pre degree course /
250 ## - EDITION STATEMENT
Edition statement 1 /
260 ## - PUBLICATION, DISTRIBUTION, ETC. (IMPRINT)
Place of publication Chennai :
Name of publisher S.Viswanathan ,
Year of publication 1965.
300 ## - PHYSICAL DESCRIPTION
Number of Pages 178 ; .
650 ## - SUBJECT ADDED ENTRY--TOPICAL TERM
Topical Term Trignometry
942 ## - ADDED ENTRY ELEMENTS (KOHA)
Koha item type Books
Holdings
Withdrawn status Lost status Damaged status Home library Current library Date acquired Full call number Accession Number Koha item type Public note
      KAUAET KAUAET 07/04/2012 516.24 9219 Books  
Withdrawn     KAUAET KAUAET 07/04/2012 516.24 9225 Books Deleted
      KAUAET KAUAET 07/04/2012 516.24 9228 Books  
Withdrawn     KAUAET Sanskrit University 07/04/2012 516.24 9222 Books  
Withdrawn     KAUAET Sanskrit University 07/04/2012 516.24 9220 Books  
free website counter